Cyclisme: Palmarès du Vélo d'or - Statistiques

Statistiques générales
  • Ce quiz a été pris 2 156 fois
    1 548 depuis la dernière actualisation
  • Le résultat moyen est 59 sur 99
Statistiques - réponses
Étapes Pos Nat Coureur % Correct
2021 1er 🇸🇮 Tadej Pogacar
99%
2024 1er 🇸🇮 Tadej Pogacar
99%
2ème 🇸🇮 Tadej Pogacar
99%
3ème 🇸🇮 Tadej Pogacar
99%
3ème 🇸🇮 Tadej Pogacar
99%
2023 1er 🇩🇰 Jonas Vingegaard
96%
2013 1er 🇬🇧 Christopher Froome
93%
2015 1er 🇬🇧 Christopher Froome
93%
2017 1er 🇬🇧 Christopher Froome
93%
2ème 🇬🇧 Christopher Froome
93%
2019 1er 🇫🇷 Julian Alaphilippe
92%
3ème 🇫🇷 Julian Alaphilippe
92%
2ème 🇳🇱 Mathieu Van der Poel
91%
3ème 🇳🇱 Mathieu Van der Poel
91%
2020 1er 🇸🇮 Primoz Roglic
90%
2ème 🇸🇮 Primoz Roglic
90%
3ème 🇸🇮 Primoz Roglic
90%
2022 1er 🇧🇪 Remco Evenepoel
90%
2ème 🇧🇪 Remco Evenepoel
90%
2ème 🇧🇪 Wout van Aert
89%
3ème 🇧🇪 Wout van Aert
89%
3ème 🇧🇪 Wout van Aert
89%
2007 1er 🇪🇸 Alberto Contador
86%
2008 1er 🇪🇸 Alberto Contador
86%
2009 1er 🇪🇸 Alberto Contador
86%
2014 1er 🇪🇸 Alberto Contador
86%
2ème 🇪🇸 Alberto Contador
86%
2016 1er 🇸🇰 Peter Sagan
85%
2ème 🇸🇰 Peter Sagan
85%
3ème 🇸🇰 Peter Sagan
85%
3ème 🇸🇰 Peter Sagan
85%
2ème 🇨🇴 Egan Bernal
82%
2ème 🇮🇹 Vicenzo Nibali
80%
2ème 🇮🇹 Vicenzo Nibali
80%
2ème 🇬🇧 Geraint Thomas
79%
2018 1er 🇪🇸 Alejandro Valverde
76%
2ème 🇪🇸 Alejandro Valverde
76%
3ème 🇪🇸 Alejandro Valverde
76%
3ème 🇺🇸 Lance Armstrong
74%
1999 1er 🇺🇸 Lance Armstrong (retiré)
74%
2000 1er 🇺🇸 Lance Armstrong (retiré)
74%
2001 1er 🇺🇸 Lance Armstrong (retiré)
74%
2003 1er 🇺🇸 Lance Armstrong (retiré)
74%
2004 1er 🇺🇸 Lance Armstrong (retiré)
74%
2ème 🇺🇸 Lance Armstrong (retiré)
74%
2ème 🇺🇸 Lance Armstrong (retiré)
74%
2012 1er 🇬🇧 Bradley Wiggins
71%
3ème 🇨🇴 Nairo Quintana
70%
2010 1er 🇨🇭 Fabian Cancellara
63%
2ème 🇨🇭 Fabian Cancellara
63%
2ème 🇨🇭 Fabian Cancellara
63%
3ème 🇨🇭 Fabian Cancellara
63%
3ème 🇨🇭 Fabian Cancellara
63%
3ème 🇱🇺 Andy Schleck
62%
2ème 🇦🇺 Cadel Evans
62%
2011 1er 🇧🇪 Philippe Gilbert
61%
1995 1er 🇫🇷 Laurent Jalabert
57%
2ème 🇫🇷 Laurent Jalabert
57%
2005 1er 🇧🇪 Tom Boonen
57%
2ème 🇧🇪 Tom Boonen
57%
1992 1er 🇪🇸 Miguel Indurain
55%
1993 1er 🇪🇸 Miguel Indurain
55%
2ème 🇪🇸 Miguel Indurain
55%
2ème 🇪🇸 Miguel Indurain
55%
2ème 🇳🇱 Tom Dumoulin
55%
1998 1er 🇮🇹 Marco Pantani
53%
3ème 🇮🇹 Marco Pantani
53%
2ème 🇬🇧 Mark Cavendish
50%
3ème 🇬🇧 Mark Cavendish
50%
1997 1er 🇩🇪 Jan Ullrich
48%
2ème 🇩🇪 Jan Ullrich
48%
3ème 🇩🇪 Jan Ullrich
48%
3ème 🇰🇿 Alexandre Vinokourov
39%
3ème 🇮🇹 Fabio Aru
39%
3ème 🇪🇸 Joaquim Rodriguez
36%
3ème 🇪🇸 Carlos Sastre
28%
2ème 🇩🇰 Bjarne Riis
27%
2006 1er 🇮🇹 Paolo Bettini
22%
2ème 🇮🇹 Paolo Bettini
22%
3ème 🇮🇹 Paolo Bettini
22%
3ème 🇮🇹 Paolo Bettini
22%
2002 1er 🇮🇹 Mario Cipollini
21%
2ème 🇩🇪 Erik Zabel
20%
2ème 🇩🇪 Erik Zabel
20%
1994 1er 🇨🇭 Tony Rominger
20%
2ème 🇨🇭 Tony Rominger
20%
3ème 🇨🇭 Tony Rominger
20%
3ème 🇪🇸 Oscar Freire
18%
3ème 🇨🇭 Alex Zülle
15%
2ème 🇮🇹 Damiano Cunego
13%
1996 1er 🇧🇪 Johan Museeuw
12%
3ème 🇮🇹 Claudio Chiappucci
10%
3ème 🇮🇹 Danilo Di Luca
9%
3ème 🇪🇸 Abraham Olano
7%
3ème 🇷🇺 Evgueni Berzin
7%
2ème 🇮🇹 Michele Bartoli
6%
3ème 🇳🇱 Erik Dekker
5%
3ème 🇧🇪 Andreï Tchmil
3%
2ème 🇮🇹 Maurizio Fondriest
3%
Aucun quiz correspondant
Distribution des résultats
% des personnes avec chaque résultat
Percentile par nombre de réponses
Votre historique - résultats
Vous n’avez pas pris ce quiz depuis la dernière actualisation